00426nam a2200169Ia 4500008004100000020001400041245002800055245005600083260001500139260001600154260000900170300001500179300002500194300001000219500000800229999001900237170705s9999 xx 000 0 und d a439491452 4aThe statue of liberty / cLucille Recht Penner ; illustrated by Jada Rowland. aNew York : bScholastic, c1995 a32 pages : bcolor illustration ; c23cm. a250 c336859d336859